| 000 | 00852nas a2200277 4500 | ||
|---|---|---|---|
| 001 | BR0203352 | ||
| 003 | BR-BrBNA | ||
| 005 | 20231205103056.0 | ||
| 007 | ta | ||
| 008 | 230509b bl.|||p| |||| 00| 00por d | ||
| 040 |
_aBR-BrBNA _bpor _cBiblioteca Nacional de Agricultura |
||
| 041 | _a(Pt) | ||
| 072 | _aL53 | ||
| 100 | 1 | _aFonseca, J.F. | |
| 100 | 1 | _aSilva Filho, J.M. | |
| 100 | 1 | _aPinto Neto, A. | |
| 100 | 1 | _aPalhares, M.S. | |
| 245 | 1 | _aEstádios de desenvolvimento embrionário de vacas zebuínas superovuladas | |
| 650 | _aGADO ZEBU | ||
| 650 | _aSUPEROVULAÇÃO | ||
| 650 | _aEMBRIOGÊNESE | ||
| 650 | _aCICLO ESTRAL | ||
| 773 | 0 |
_tArquivo Brasileiro de Medicina Veterinária e Zootecnia (Brazil) _xISSN 0102-0935 _g(Dec 2001), v. 53(6) p. 671-676 _wBR0203352 |
|
| 909 |
_a202311 _bLúcia _c55 _dLúcia Elande |
||
| 942 |
_2AGRIS _n0 _cANA |
||
| 999 |
_c170922 _d170922 |
||